00408nam a2200133 a 450000500170000000800410001702000180005805000240007610000190010024500820011926000340020130000170023565000220025220140412111313.0001109s19uu xx 00 eng d a0-7136-3469-3 aM 028.12bB617 1988 aBirch, Beverly aLarger than life :bmagnification from moulds to minibeasts /cBeverly Birch. aLondon :bA & C Black,c1988. a48 p. ; ill. aBooks and reading